|
|
|
|
| LEADER |
01860nam a2200493 i 4500 |
| 001 |
nkc20162833903 |
| 003 |
CZ PrNK |
| 005 |
20260313193646.0 |
| 007 |
ta |
| 008 |
160919s2016 xr a g 6 000 1 cze |
| 015 |
|
|
|a cnb002833903
|
| 020 |
|
|
|a 978-80-7449-392-8
|q (brožováno) :
|c Kč 589,00
|
| 035 |
|
|
|a (OCoLC)960190823
|
| 040 |
|
|
|a BOA001
|b cze
|d ABA001
|e rda
|
| 041 |
1 |
|
|a cze
|h eng
|
| 072 |
|
7 |
|a 741.52
|x Komiksy. Komiksové adaptace
|2 Konspekt
|9 21
|
| 080 |
|
|
|a 741.52(0:82-322.9)
|2 MRF
|
| 100 |
1 |
|
|a Gaiman, Neil,
|d 1960-
|7 jn20000807024
|4 aut
|
| 240 |
1 |
0 |
|a Preludes & nocturnes.
|l Česky
|
| 245 |
1 |
0 |
|a Sandman.
|p Preludia & nokturna /
|c Neil Gaiman - scénář ; Sam Kieth, Mike Dringenberg, Malcolm Jones III - kresba ; Viktor Janiš - překlad
|
| 246 |
3 |
|
|a Preludia a nokturna
|
| 246 |
3 |
0 |
|a Preludia & nokturna
|
| 250 |
|
|
|a První barevné vydání
|
| 264 |
|
1 |
|a [Praha] :
|b Crew s.r.o.,
|c 2016
|
| 300 |
|
|
|a 240 nečíslovaných stran :
|b ilustrace (převážně barevné) ;
|c 27 cm
|
| 336 |
|
|
|a text
|b txt
|2 rdacontent
|
| 336 |
|
|
|a statický obraz
|b sti
|2 rdacontent
|
| 337 |
|
|
|a bez média
|b n
|2 rdamedia
|
| 338 |
|
|
|a svazek
|b nc
|2 rdacarrier
|
| 490 |
1 |
|
|a Světové komiksy česky
|
| 500 |
|
|
|a Přeloženo z angličtiny
|
| 500 |
|
|
|a Na obálce označení části: kniha 1
|
| 655 |
|
7 |
|a fantasy komiksy
|7 fd1057473
|2 czenas
|
| 655 |
|
9 |
|a fantasy comics
|2 eczenas
|
| 700 |
1 |
|
|a Kieth, Sam,
|d 1963-
|7 xx0031086
|4 ill
|
| 700 |
1 |
|
|a Dringenberg, Mike
|7 xx0031088
|4 ill
|
| 700 |
1 |
|
|a Jones, Malcolm,
|c III,
|d 1970-1996
|7 xx0031087
|4 ill
|
| 700 |
1 |
|
|a Janiš, Viktor,
|d 1974-
|7 jn20010309502
|4 trl
|
| 830 |
|
0 |
|a Světové komiksy česky
|0 s
|
| 910 |
2 |
|
|a BOA001
|b 3-1373.588,1
|
| 990 |
|
|
|a BK
|
| 995 |
|
|
|a 01
|
| 991 |
|
|
|b 201609
|c NOV
|
| 996 |
6 |
|
|b 2610682631
|c 3-1373.588,1
|l MZK
|r Sklad / do 1 hodiny
|n 9
|p p.v.
|w 001579454
|u 000010
|a 1
|e BOA001
|j MZK50
|s P
|